| 000 | 01371nam a22003734i 4500 | ||
|---|---|---|---|
| 999 |
_c63657 _d63657 |
||
| 001 | 768714001 | ||
| 003 | CO-MdFUSB | ||
| 005 | 20200413150422.0 | ||
| 007 | cr cn||||||||| | ||
| 008 | 201205t2012 sp ||||gs|||||||||||spa d | ||
| 020 |
_a9788498792645 _qelectrónico |
||
| 040 |
_aCO-MdFUSBC _bspa. _cCO-MdFUSB _dCO-MdFUSBC _erda |
||
| 041 | _aspa | ||
| 082 | 0 | 4 |
_a296 _222 |
| 245 | 0 | 3 |
_aEl judaísmo en Iberoamérica _c/ editado por Mate Reyes , Ricardo Forster _h[recurso electrónico] |
| 264 | 1 |
_aEspaña : _bTrotta, _c[2012] |
|
| 264 | 4 | _c© 2012 | |
| 300 |
_arecurso en línea (319 páginas) _c; |
||
| 336 |
_2rdacontent _atexto _btxt |
||
| 337 |
_2rdamedia _ainformático _bc |
||
| 338 |
_2rdacarrier _aremoto _bcr |
||
| 347 |
_2rda _afichero de texto _bHtml |
||
| 490 | 1 | _aEnciclopedia Iberoamericana de Religiones | |
| 516 | _aTexto electrónico | ||
| 538 | _aAcceso a Internet; requiere usuario y clave asignada por la biblioteca | ||
| 650 | 4 |
_aJudaísmo _zAmérica Latina. |
|
| 700 | 1 |
_aMate, Reyes, _eeditor |
|
| 700 | 1 |
_aForster, Ricardo, _eeditor |
|
| 830 |
_aEnciclopedia Iberoamericana de Religiones _v06 |
||
| 856 | 4 | 0 |
_uhttp://site.ebrary.com/lib/unisbcsp/Doc?id=10560318 _b10560318 _zAbrir Versión electrónica del libro El Judaísmo en Iberoamérica |
| 942 | _cBK | ||
| 945 | _aJTF-925 | ||